000 00838nam a2200193 a 4500
001 000042203
005 20201002040014.0
008 130725s2004 sp ag 000 0 spa d
020 _a8400082788
040 _aDO-SdBNP
_bspa
_cBNPHU
245 0 3 _aMúsica para Exequias en tiempo de Felipe IV /
_cestudio y edición, Luis Antonio González Marín.
260 _aBarcelona :
_bConsejo Superior de Ciencias Científicas
_bInstitución "Milà i Fontanals", Departamento de Musicología,
_c2004.
300 _a303 p. :
_bil., mus. ;
_c32 cm.
490 1 _aMonumentos de la música española ;
_v70
500 _aIncluye notas al pie de las páginas
700 1 _aGonzález Marín, Luis Antonio
_963122
710 2 _aInstitución "Milá y Fontanals".Departamento de Musicología
_966028
830 0 _aMonumentos de la música española
_v70
_965588
999 _c41692
_d41692